000 01808nam0a22003971i 4500
001 RU\NLR\ONIZ\217268
005 20260406104904.0
035 _aRU\NLR\ONIZ\SOPHY\5000003445\20170502122655
035 _a(NLR Aleph) 011414767
090 _a11578142
_c11578142
100 _a20170502d2013 u||y0rusy50 ca
101 0 _arus
102 _aRU
105 _ag z 000zy
200 1 _aПобеда над солнцем
_eлибретто
_fопера А. Крученых
_gмуз. М. Матюшина
205 _a[Репринт]
210 _aСанкт-Петербург
_cГос. музей истории Санкт-Петербурга
_d2013
215 _a23, [1] с.
_cил., нот.
_d23 см
700 1 _9z01790
_aМатюшин
_bМ. В.
_f1861-1934
_gМихаил Васильевич
_4230
701 1 _9z02790
_aКрученых
_bА. Е.
_f1886-1968
_gАлексей Елисеевич
_4480
702 1 _4040
_8rus
_7ca
_aМалевич
_bК. С.
_cхудожник
_f1878-1935
_gКазимир Северинович
_3RU\NLR\AUTH\7798392
_981318
702 1 _9z07790
_aБугаев
_bС. А.
_f1966-
_gСергей Анатольевич
_4570
702 1 _9z08790
_aХлебников
_bВ.
_f1885-1922
_gВелимир
_4520
790 1 _9z01700
_aMatyushin
_bM. V.
_f1861-1934
_gMihail Vasil'evich
_4230
790 1 _9z02701
_aKruchenykh
_bA. E.
_f1886-1968
_gAleksej Eliseevich
_4480
790 1 _9z06702
_aMalewicz
_bK.
_f1879-1935
_gKazimierz
_4040
790 1 _9z07702
_aBugaev
_bS. A.
_f1966-
_gSergej Anatol'evich
_4570
790 1 _9z08702
_aHlebnikov
_bV.
_f1885-1922
_gVelimir
_4520
_7ba
801 0 _aRU
_bNLR
_c20170502
_gPSBO
801 1 _aRU
_bNLR
_c20170502
_2rusmarc
801 2 _aRU
_bNLR
_c20170524
852 _aNLR
_bМ
_j986-2/26
_p278229
_t1
942 _cBOOK
980 _aNBR
980 _aONIZ